000 00588nam a2200181 i 4500
001 55936
003 ES-MaACL
005 20250728143533.0
007 t|
008 030930s1952 sp ||||1| spa d
100 1 _aDíaz de Entresotos, Baldomero.
_944224
245 1 0 _aAntepasados /
_cBaldomero Díaz de Entresotos y Frayle ; prólogo de Arturo Gazul.
260 _a[Sevilla :
_bEditorial Católica Española,
_c1952]
300 _a150 p. ;
_c17 cm.
700 1 _aGazul Sánchez-Solana, Arturo,
_d1887-1970
_9158784
852 _aES-MaACL
_jD-7952
_bR.32461
999 _c55936
_d55936